| 000 | 00890cam a2200229 4500 | ||
|---|---|---|---|
| 001 | M94643 | ||
| 008 | 090401t1998 xxu||||| |||| 00| 0 eng d | ||
| 035 | _a(Sirsi) u89267 | ||
| 041 | _aeng | ||
| 050 | _a347.4107 | ||
| 110 |
_aJoint Contracts Tribunal _93664 |
||
| 245 | _aJCT adjudication agreement for an adjudicator named in a contract / sub contract / agreement. | ||
| 260 |
_aLondon _bRIBA Publications _c1998 |
||
| 300 | _a4p. ; 30cm. | ||
| 350 | _a1.5 | ||
| 650 | _aMANAGEMENT-DISPUTE AVOIDANCE, MANAGEMENT AND RESOLUTION-DISPUTE MANAGEMENT AND RESOLUTION-ALTERNATIVE DISPUTE RESOLUTION-ADJUDICATION-ADJUDICATION AGREEMENTS | ||
| 650 | _aADJUDICATION PROCEDURE | ||
| 650 | _aBUILT ENVIRONMENT-BUILDING CONTRACT FORMS | ||
| 690 | _aMANAGEMENT-DISPUTE AVOIDANCE, MANAGEMENT AND RESOLUTION-DISPUTE MANAGEMENT AND RESOLUTION-ARBITRATION | ||
| 942 | _n0 | ||
| 948 | _c23/10/1998 | ||
| 999 |
_c97440 _d97440 |
||